000 00571cam a22002171 4500
001 12584
003 BD-RjUL
005 20211208235323.0
008 200227r1916 nyu b 011 0 eng d
035 _a(BD-RjUL)12633
040 _aDLC
_cDLC
_dICU
_dDLC
_dBD-RjUL
_beng
041 _aeng
082 0 0 _a813
_bHEN 1916
_223
100 1 0 _aHenry, O
_9239893
245 1 0 _aOptions /
_cO Henry
260 _aNew York :
_bDoubleday, page & co. ,,
_cc1916
300 _a 257 p. ;
_c19 cm.
650 _aShort stories, American.
_9239894
942 _2ddc
_cBK
999 _c12584
_d12584